LEADER 00987nam0 2200277 450 001 000023987 005 20090309143427.0 100 $a20090305g19621970km-y0itay50------ba 101 0 $aita 102 $aIT 105 $ay-------001yy 200 1 $aTecnologie generali$fSalvatore Valente 210 $aNapoli$cLiguori$d1962-1970 215 $a3 v.$d23 cm 327 1 $a1.: Saldature, prove dei materiali metallici ...$a2.: Macchine utansili, tolleranze$a3.: Fonderia - Lavorazioni plastiche - Metrologia - Organizzazione del lavoro 500 10$aTecnologie generali$944790 610 1 $aTecnologia meccanica 676 $a620.1$v21$9Meccanica e materiali dell'ingegneria 700 1$aValente,$bSalvatore$02043 801 0$aIT$bUNIPARTHENOPE$c20090302$gRICA$2UNIMARC 912 $a000023987 951 $aS 620.1/4$bS 239/a$cDSA$d2009 951 $aS 620.1/5$bS 238/b$cDSA$d2009 951 $aS 620.1/6$bS 239/C$cDSA$d2009 996 $aTecnologie generali$944790 997 $aUNIPARTHENOPE LEADER 01118nas 2200397 c 450 001 9910895020403321 005 20260218110300.0 035 $a(CKB)3790000000122341 035 $a(DE-599)ZDB2260915-5 035 $a(OCoLC)828783761 035 $a(DE-101)982140576 035 $a(DE-599)2260915-5 035 $a(EXLCZ)993790000000122341 100 $a20061129b19241932 |y | 101 0 $ager 135 $aur||||||||||| 181 $ctxt$2rdacontent 182 $cc$2rdamedia 183 $acr$2rdacarrier 200 00$a˜Dieœ Arbeiterin$eOrgan für die Interessen der werktätigen Frauen in Österreich$fKommunistische Partei Österreichs 210 31$aWien$cVap. Verl. fu?r Arbeiter-Presse$d1924-1932 215 $aOnline-Ressource 517 $aArbeiterin, Die 608 $aZeitschrift$2gnd-content 676 $a070 676 $a330 676 $a360 676 $a320 712 02$aKommunistische Partei O?sterreichs$4isb 801 0$b0188 801 1$bDE-101 801 2$b9999 906 $aJOURNAL 912 $a9910895020403321 996 $aArbeiterin$94271907 997 $aUNINA